Statistiques concernant Associez ces musiques à leurs compositeurs classique

Cliquez ici pour prendre le quiz!

Statistiques générales

  • Ce quiz a été pris 479 fois
  • Le résultat moyen est 8 sur 15

Statistiques - réponses

HintRéponse% Correct
BoléroRavel
91%
La Lettre à EliseBeethoven
90%
Le Lac des CygnesTchaïkovski
87%
La WalkyrieWagner
78%
Le beau Danube bleuStrauss
71%
La TraviataVerdi
69%
Fantaisie-impromptuChopin
66%
Une petite musique de nuitMozart
55%
RêverieDebussy
54%
Orphée aux enfersOffenbach
48%
Air sur la corde de SolBach
34%
ErlkönigSchubert
33%
Le Château de Barbe-BleueBartok
30%
GloriaVivaldi
23%
Les ClochesRachmaninov
18%

Distribution des résultats

Percentile par nombre de réponses

% des personnes avec chaque résultat

Votre développement - résultats

Vous n’avez pas pris ce quiz